The quest for an ideal youth in Putin's Russia (Titelsatznr. 46381)
[ MARC ]
| 000 -Satzkennung | |
|---|---|
| Kontrollfeld mit fester Länge | 00912nam a22002051cc4500 |
| 001 - Kontrollnummer | |
| Kontrollfeld | a987679186+Band1 |
| 035 ## - Systemkontrollnummer | |
| System-Kontrollnummer | a987679186 |
| 008 - Feld mit fester Länge zur physischen Beschreibung - Allgemeine Angaben | |
| Kontrollfeld mit fester Länge | 170707s2014 gw a||| 000u eng d |
| 020 ## - Internationale Standardbuchnummer | |
| Internationale Standardbuchnummer | 9783838205786 |
| Verknüpfung | 978-3-8382-0578-6 |
| 040 ## - Katalogisierungsquelle | |
| Übertragungsstelle | RU-10907106 |
| 003 - Kontrollnummer Identifier | |
| Kontrollfeld | RU-10907106 |
| 245 04 - Titel | |
| Titel | The quest for an ideal youth in Putin's Russia |
| Zählung des Teils/der Abteilung eines Werkes | Band 1 |
| Titel eines Teils/einer Abteilung eines Werkes | The quest for an ideal youth in Putin's Russia I : Back to our future! history, modernity, and patriotism according to Nashi, 2005-2013 |
| 250 ## - Ausgabebezeichnung | |
| Ausgabebezeichnung | 2 Aufl. |
| 264 ## - Produktion, Veröffentlichung, Distribution, Herstellung und Urheberrechtsvermerk | |
| Herstellungs-, Veröffentlichungs- Vertriebs-, Erzeugungsort | Stuttgart : |
| Produzent, Herausgeber, Distributor, Hersteller | Ibidem-Verl., |
| Datum der Herstellung, der Veröffentlichung, des Vertriebs oder des Urheberschutzvermerks | 2014 |
| 246 12 - Titelvarianten | |
| Hauptsachtitel/Kurztitel | The quest for an ideal youth in Putin's Russia. The quest for an ideal youth in Putin's Russia I : Back to our future! history, modernity, and patriotism according to Nashi, 2005-2013 |
| Zählung des Teils/der Abteilung eines Werkes | Band 1 |
| 300 ## - Physische Beschreibung | |
| Umfang | 202, [14], 30 S. : Ill. |
| 490 #0 - Gesamttitelangabe | |
| Gesamttitelangabe | Soviet and post-Soviet politics and society |
| Bandnummer/Folgebezeichnung | 114 |
| 773 08 - Übergeordnete Einheit | |
| Datensatzkontrollnummer | a987679186 |
| Zählung und erste Seite | Band1 |
| 942 ## - Zusätzliche Felder (Koha) | |
| Koha-Medientyp | Monographien |
| Ausgeschieden | Verloren | Klassifikation oder Aufstellungssystematik | Beschädigt | Nicht entleihbar | Heimatbibliothek | Aufenthaltsbibliothek | Aufstellungsort | Erwerbungsdatum | Inventarnummer | Signatur | Barcode | Letzte Aktivität | Preis gültig von | Koha-Medientyp |
|---|---|---|---|---|---|---|---|---|---|---|---|---|---|---|
| Andere/Generische Klassifikation | MWN Osteuropa | MWN Osteuropa | Magazin - 2 | 07/07/2017 | 17-00757 | R 72 eg Mij 1 (1) | E00401506CBDE220 | 02/10/2020 | 22/03/2021 | Monographien |